000 00488nam a22001817a 4500
003 NUST - PNEC
005 20170116181128.0
008 151006b xxu||||| |||| 00| 0 eng d
020 _a0140086153
040 _cLIBRARY
082 _a940.53 CHU
100 _913776
_aChurchill, Winston
245 _aClosing the ring, the second world war : volume v
_cWinston Churchill
250 _avolume v
260 _c-
650 _913774
_aWorld War--(1939-1945)
_xGeneral
942 _2ddc
_cBK
999 _c69825
_d69825